[Event "Zaraisk"]
[Site "Zaraisk"]
[Date "2009.11.29"]
[Round "11"]
[White "Khasanov, Yuri"]
[Black "Filatov, Anatoly"]
[Result "1-0"]
[WhiteElo "1944"]
[BlackElo "1698"]
[PlyCount "73"]
[EventDate "2009.11.14"]
[EventType "tourn"]
[EventRounds "11"]
[EventCountry "RUS"]
[SourceTitle "EXT 2012"]
[Source "ChessBase"]
[SourceDate "2011.11.24"]
[SourceVersion "1"]
[SourceVersionDate "2011.11.24"]
[SourceQuality "1"]

1. e4 c5 2. Nf3 Nc6 3. d4 cxd4 4. Nxd4 Nf6 5. Nc3 e5 6. Ndb5 d6 7. Bg5 Be7 8. Bxf6 gxf6 9. Nd5 Qa5+ 10. c3 0-0 11. Nxe7+ Nxe7 12. Qxd6 Qd8 13. Qxf6 Ng6 14. Qf3 a6 15. Na3 b5 16. Nc2 Qg5 17. Ne3 Be6 18. Be2 Rad8 19. 0-0 Kh8 20. Nd5 Bxd5 21. exd5 Nf4 22. Rad1 Rg8 23. g3 f5 24. Kh1 e4 25. Qxf4 Qxf4 26. gxf4 Rg6 27. Rg1 Rgd6 28. c4 bxc4 29. Bxc4 a5 30. b3 Ra8 31. Rg5 Rf8 32. Rdg1 h6 33. Rg6 Rxg6 34. Rxg6 Kh7 35. Re6 Kg7 36. d6 Rf6 37. d7 1-0